| 000 | 00768cam a22002653a 4500 | ||
|---|---|---|---|
| 001 | 7146 | ||
| 003 | PGUSA | ||
| 005 | 20140828083141.0 | ||
| 008 | 041201s2004||||xxu|||||s|||||000 1 eng d | ||
| 040 |
_aPGUSA _beng |
||
| 042 | _adc | ||
| 050 | 4 | _aPR | |
| 100 | 1 |
_aBurney, Fanny, _d1752-1840 |
|
| 245 | 1 | 0 |
_aCecilia; Or, Memoirs of an Heiress — Volume 2 _h[electronic resource] / _cFanny Burney |
| 260 |
_bProject Gutenberg, _c2004 |
||
| 506 | _aPublic domain in the USA. | ||
| 516 | _aElectronic text | ||
| 653 | _aEngland -- Fiction | ||
| 653 | _aLove stories | ||
| 653 | _aYoung women -- Fiction | ||
| 653 | _aInheritance and succession -- Fiction | ||
| 830 | 0 |
_aProject Gutenberg _v7146 |
|
| 856 | 4 | 0 | _uhttp://www.gutenberg.org/ebooks/7146 |
| 942 | _cEB | ||
| 999 |
_c236466 _d236466 |
||